Bona postura, bona salut : quadern d'higiene postural quadern d'higiene postural
Descripción Física:
17 pàgines : il·lustracions ; 30 cm
Idioma:
Catalán
MARC
| LEADER | 00000nam a22000007a 4500 | ||
|---|---|---|---|
| 001 | 26363 | ||
| 008 | 220727b spa||||| |||| 00| 0 cat d | ||
| 017 | |a DL B 23895-2017 | ||
| 080 | |a FU-72-43 | ||
| 245 | |a Bona postura, bona salut : |b quadern d'higiene postural | ||
| 250 | |a Segona edició | ||
| 260 | |a Barcelona : |b Diputació de Barcelona. Servei de Salut Pública, |c octubre del 2017 | ||
| 300 | |a 17 pàgines : |b il·lustracions ; |c 30 cm | ||
| 650 | 0 | |9 52735 |a Postura | |
| 650 | 0 | |9 52736 |a Infants |x Salut i higiene | |
| 710 | |a Barcelona (Catalunya : Província). |b Servei de Salut Pública |9 52202 | ||
| 942 | |2 udc |c ARXIU |n 1 | ||
| 952 | |0 0 |1 0 |4 0 |6 FU7243 |7 1 |9 63233 |a Arxiu |b Arxiu |d 2022-07-27 |l 0 |o FU-72-43 |p 26363 |r 2022-07-27 00:00:00 |w 2022-07-27 |y ARXIU | ||
| 999 | |c 82492 |d 82492 | ||